The devil in the detail (Record no. 74431)
[ view plain ]
| 000 -LEADER | |
|---|---|
| fixed length control field | 01004cab a2200181 4500 |
| 001 - CONTROL NUMBER | |
| control field | ##ABS67944 |
| 008 - FIXED-LENGTH DATA ELEMENTS--GENERAL INFORMATION | |
| fixed length control field | 040621n2004 000 0 eng u |
| 035 ## - SYSTEM CONTROL NUMBER | |
| System control number | (Sirsi) u126530 |
| 041 0# - LANGUAGE CODE | |
| Language code of text/sound track or separate title | eng |
| 100 1# - MAIN ENTRY--PERSONAL NAME | |
| Personal name | Baker, C. |
| 245 04 - TITLE STATEMENT | |
| Title | The devil in the detail |
| 260 ## - PUBLICATION, DISTRIBUTION, ETC. | |
| Date of publication, distribution, etc. | 2004 |
| 490 #0 - SERIES STATEMENT | |
| Series statement | Axis |
| Volume/sequential designation | 58(2)May/June 2004, 8(1) |
| 520 ## - SUMMARY, ETC. | |
| Summary, etc. | Considers why financial experts are warning that HM Treasury's proposed Property Investment Fund (PIF) is being set up to fail through over prescribed conditions, which are likely to be a turn-off for the property industry and investors alike. The PIF is designed to encourage pension funds and insurance companies to invest in house building and to make indirect investment in property as lucrative as direct involvement. The potential PIF market could be worth up to £25bn. Outlines HM Treasury's PIF consultation proposals (ISBN 1845320018). |
| 590 ## - LOCAL NOTE (RLIN) | |
| Local note | ABS |
| 690 ## - LOCAL SUBJECT ADDED ENTRY--TOPICAL TERM (OCLC, RLIN) | |
| Topical term or geographic name as entry element | PROPERTY-PROPERTY FINANCE AND INVESTMENT-REAL ESTATE INVESTMENT TRUSTS |
| 942 ## - ADDED ENTRY ELEMENTS (KOHA) | |
| Suppress in OPAC | 0 |
| Withdrawn status | Lost status | Source of classification or shelving scheme | Damaged status | Not for loan | Home library | Current library | Shelving location | Date acquired | Total Checkouts | Full call number | Barcode | Date last seen | Copy number | Price effective from | Koha item type |
|---|---|---|---|---|---|---|---|---|---|---|---|---|---|---|---|
| Dewey Decimal Classification | London | London | Journal article | 21/06/2004 | ABS67944 | 126530-1001 | 06/08/2019 | 1 | 06/08/2019 | Journal article |